[Event "NB1 Maroczy csoport"]
[Site "Parasznya"]
[Date "2024.11.17"]
[Round "2.2"]
[White "Papp, Tamas"]
[Black "Torok, Sandor"]
[Result "0-1"]
[WhiteElo "2315"]
[BlackElo "2192"]
[PlyCount "108"]
[EventDate "2024.11.03"]
[EventType "team-tourn"]
[EventRounds "11"]
[EventCountry "HUN"]
[Source "chess.hu"]
[SourceDate "2024.11.17"]
[WhiteTeam "Pitypalatty Sakk SE"]
[BlackTeam "Vasas SC"]
[WhiteTeamCountry "HUN"]
[BlackTeamCountry "HUN"]

1. d4 Nf6 2. Bg5 d5 3. Bxf6 exf6 4. e3 a6 5. Nd2 Bf5 6. g3 c6 7. Bg2 Nd7 8. Ne2
h5 9. h4 Bb4 10. a3 Ba5 11. b4 Bc7 12. c4 dxc4 13. Nxc4 Bg4 14. Rb1 O-O 15. O-O
Nb6 16. Nxb6 Bxb6 17. Qd2 g5 18. f3 Bf5 19. Rbd1 Qe7 20. Kf2 Kg7 21. Rh1 Kg6
22. e4 Be6 23. f4 Bg4 24. f5+ Kg7 25. hxg5 fxg5 26. Bf3 f6 27. Nc3 Rad8 28. Qe3
Qd7 29. Ne2 Rfe8 30. Rd3 Bxf5 31. Rxh5 Bg6 32. Rh1 Qe6 33. Nc3 Qc4 34. Rhd1 Rd6
35. Kg2 a5 36. bxa5 Bxa5 37. Rc1 Bb6 38. Ne2 Qe6 39. Rb1 g4 40. Nf4 gxf3+ 41.
Kg1 Qxe4 42. Qxe4 Bxe4 43. Rxb6 Bxd3 44. Rxb7+ Kh6 45. Nxd3 Rxd4 46. Nf4 Rd2
47. Kf1 Kg5 48. Rb4 Rh8 49. Ne6+ Kf5 50. Nd4+ Ke4 51. Nxc6+ Kd5 52. Ne7+ Ke6
53. Re4+ Kf7 54. Ke1 Rb2 0-1

[Event "NB1 Maroczy csoport"]
[Site "Parasznya"]
[Date "2024.11.17"]
[Round "2.3"]
[White "Karacsony, Attila"]
[Black "Daroczi, Donat"]
[Result "1-0"]
[WhiteElo "2196"]
[BlackElo "2123"]
[PlyCount "77"]
[EventDate "2024.11.03"]
[EventType "team-tourn"]
[EventRounds "11"]
[EventCountry "HUN"]
[Source "chess.hu"]
[SourceDate "2024.11.17"]
[WhiteTeam "Vasas SC"]
[BlackTeam "Pitypalatty Sakk SE"]
[WhiteTeamCountry "HUN"]
[BlackTeamCountry "HUN"]

1. e4 e6 2. d3 d5 3. Nd2 Be7 4. g3 Nf6 5. Bg2 a5 6. Ngf3 c5 7. O-O Nc6 8. Re1
a4 9. h3 O-O 10. a3 Rb8 11. c4 Ra8 12. Qe2 dxc4 13. Nxc4 b5 14. Nce5 Nxe5 15.
Nxe5 Bb7 16. Bf4 Nd7 17. Nf3 f6 18. d4 cxd4 19. Nxd4 Nc5 20. Rad1 Qe8 21. e5
Bxg2 22. Kxg2 f5 23. h4 Rb8 24. Qf3 Rb6 25. Be3 Qb8 26. Nc6 Rxc6 27. Qxc6 Rc8
28. Qf3 Ne4 29. Rd7 Bf8 30. Qh5 Qa8 31. Kh3 Rc2 32. f3 Nf2+ 33. Bxf2 Rxf2 34.
Qf7+ Kh8 35. Red1 h6 36. Ra7 Qb8 37. Qc7 Qxc7 38. Rxc7 Kh7 39. Rd8 1-0

[Event "NB1 Maroczy csoport"]
[Site "Parasznya"]
[Date "2024.11.17"]
[Round "2.4"]
[White "Zambor, Norbert"]
[Black "Szabo, Kristof"]
[Result "1/2-1/2"]
[WhiteElo "2227"]
[BlackElo "2119"]
[PlyCount "137"]
[EventDate "2024.11.03"]
[EventType "team-tourn"]
[EventRounds "11"]
[EventCountry "HUN"]
[Source "chess.hu"]
[SourceDate "2024.11.17"]
[WhiteTeam "Pitypalatty Sakk SE"]
[BlackTeam "Vasas SC"]
[WhiteTeamCountry "HUN"]
[BlackTeamCountry "HUN"]

1. e4 e5 2. Nf3 Nc6 3. Bb5 a6 4. Bxc6 dxc6 5. O-O Bg4 6. h3 Bxf3 7. Qxf3 Ne7 8.
d3 Ng6 9. Be3 Be7 10. Nc3 O-O 11. Rad1 Bg5 12. d4 Bxe3 13. Qxe3 Qe7 14. dxe5
Nxe5 15. b3 Rad8 16. f4 Ng6 17. g3 h6 18. Kg2 f6 19. Rd3 Rxd3 20. Qxd3 Rd8 21.
Qc4+ Kh7 22. Rd1 Rxd1 23. Nxd1 Qd6 24. Nf2 b5 25. Qc3 h5 26. h4 Nf8 27. Qf3 Qc5
28. e5 Qxc2 29. exf6 gxf6 30. Qxh5+ Kg7 31. Qg4+ Kf7 32. Qc8 Qxa2 33. Qxc7+ Kg8
34. Qxc6 Qxb3 35. Qxf6 Qd5+ 36. Kh2 Qf3 37. Qg5+ Kf7 38. Qf5+ Kg8 39. Ne4 Qe2+
40. Kh3 Qf1+ 41. Kh2 Qe2+ 42. Kh3 Qf1+ 43. Kg4 Qd1+ 44. Kg5 Qd8+ 45. Kh6 Qe7
46. Qd5+ Qe6+ 47. Qxe6+ Nxe6 48. f5 Nd4 49. Kg6 a5 50. h5 a4 51. h6 Nc6 52. f6
Ne5+ 53. Kh5 a3 54. Nc5 a2 55. Nb3 Kf7 56. h7 Ng6 57. Kg5 Nh8 58. Kf5 Ng6 59.
g4 Nh8 60. g5 Ng6 61. Na1 Nh8 62. Ke5 Kg6 63. Ke6 Kxh7 64. Kd5 Kg6 65. Kc5 Kxg5
66. Kxb5 Kxf6 67. Kb4 Ke5 68. Kb3 Kd4 69. Kxa2 1/2-1/2

[Event "NB1 Maroczy csoport"]
[Site "Parasznya"]
[Date "2024.11.17"]
[Round "2.5"]
[White "Horvath, Julia"]
[Black "Kovacs, Apollo"]
[Result "1/2-1/2"]
[WhiteElo "2102"]
[BlackElo "2093"]
[PlyCount "86"]
[EventDate "2024.11.03"]
[EventType "team-tourn"]
[EventRounds "11"]
[EventCountry "HUN"]
[Source "chess.hu"]
[SourceDate "2024.11.17"]
[WhiteTeam "Vasas SC"]
[BlackTeam "Pitypalatty Sakk SE"]
[WhiteTeamCountry "HUN"]
[BlackTeamCountry "HUN"]

1. d4 Nf6 2. c4 e6 3. Nc3 d5 4. cxd5 exd5 5. Bg5 c6 6. Qc2 Be7 7. e3 Nbd7 8.
Bd3 h6 9. Bf4 O-O 10. h3 Re8 11. Nf3 Bf8 12. O-O Qe7 13. a3 Ne4 14. b4 Nb6 15.
b5 Bd7 16. bxc6 Bxc6 17. Ne5 Rac8 18. Bxe4 dxe4 19. Qb3 Red8 20. a4 Bd5 21.
Nxd5 Nxd5 22. Bg3 Rc3 23. Qb2 Rdc8 24. Qb5 Nb4 25. Rab1 a6 26. Qb6 h5 27. a5
Kh7 28. f4 f6 29. Be1 fxe5 30. fxe5 R3c4 31. Bxb4 Rxb4 32. Rxb4 Qxb4 33. Qe6
Rc3 34. Rf5 g6 35. Rf7+ Kh6 36. Qf6 Rc6 37. Qh8+ Kg5 38. Rxf8 Qe1+ 39. Kh2 h4
40. Rf1 Qxf1 41. Qd8+ Kh6 42. Qh8+ Kg5 43. Qd8+ Kh5 1/2-1/2

[Event "NB1 Maroczy csoport"]
[Site "Parasznya"]
[Date "2024.11.17"]
[Round "2.6"]
[White "Petyko, Zoltan"]
[Black "Havasi, Janos"]
[Result "1-0"]
[WhiteElo "2062"]
[BlackElo "2006"]
[PlyCount "105"]
[EventDate "2024.11.03"]
[EventType "team-tourn"]
[EventRounds "11"]
[EventCountry "HUN"]
[Source "chess.hu"]
[SourceDate "2024.11.17"]
[WhiteTeam "Pitypalatty Sakk SE"]
[BlackTeam "Vasas SC"]
[WhiteTeamCountry "HUN"]
[BlackTeamCountry "HUN"]

1. e4 e6 2. d4 d5 3. Nd2 Nf6 4. e5 Nfd7 5. Bd3 c5 6. c3 cxd4 7. cxd4 Nc6 8.
Ndf3 Qb6 9. Ne2 Bb4+ 10. Kf1 Be7 11. g3 f6 12. exf6 Nxf6 13. Kg2 O-O 14. Nf4
Bd6 15. Re1 Re8 16. Re2 Qc7 17. Bc2 Bd7 18. Nd3 Rac8 19. Bf4 Bxf4 20. Nxf4 Qb6
21. a3 Rcd8 22. Qd3 Re7 23. Rae1 Rde8 24. Nh5 Qa6 25. Qxa6 bxa6 26. Nf4 Nd8 27.
Bd3 Bb5 28. Bxb5 axb5 29. Rc2 Nb7 30. Rec1 Ne4 31. Ne5 g5 32. Ne2 Rf8 33. f3
Ned6 34. Nc6 Ref7 35. f4 Nc4 36. Kh3 gxf4 37. Nxf4 Rf6 38. Re1 Re8 39. Nxa7 e5
40. dxe5 Rxe5 41. Rxe5 Nxe5 42. Rc8+ Rf8 43. Rxf8+ Kxf8 44. Nxb5 Nc4 45. b4 Nb6
46. Kg4 Ke7 47. Kf5 Nd6+ 48. Nxd6 Kxd6 49. Nd3 Nc4 50. a4 Ne3+ 51. Kf4 Nd1 52.
a5 Nc3 53. g4 1-0

[Event "NB1 Maroczy csoport"]
[Site "Parasznya"]
[Date "2024.11.17"]
[Round "2.7"]
[White "Pesztericz, Laszlo"]
[Black "Paal, Andras"]
[Result "1/2-1/2"]
[WhiteElo "2042"]
[BlackElo "2014"]
[PlyCount "62"]
[EventDate "2024.11.03"]
[EventType "team-tourn"]
[EventRounds "11"]
[EventCountry "HUN"]
[Source "chess.hu"]
[SourceDate "2024.11.17"]
[WhiteTeam "Vasas SC"]
[BlackTeam "Pitypalatty Sakk SE"]
[WhiteTeamCountry "HUN"]
[BlackTeamCountry "HUN"]

1. e4 e6 2. d4 d5 3. Nc3 Bb4 4. e5 c5 5. Bd2 a6 6. a3 cxd4 7. axb4 dxc3 8. Bxc3
Ne7 9. Nf3 Ng6 10. h4 h5 11. g3 Nc6 12. b5 Nce7 13. bxa6 bxa6 14. Bb5+ Bd7 15.
Bxa6 Bc6 16. O-O Qc7 17. Qe2 Rb8 18. Bd3 Nf8 19. Nd4 Nd7 20. Nb5 Bxb5 21. Bxb5
Nf5 22. Ra4 g6 23. Rfa1 O-O 24. Bd3 d4 25. Bb4 Rfe8 26. Bxf5 exf5 27. f4 Nb6
28. Ba5 Qc5 29. Bb4 Qd5 30. Ra5 Qc4 31. Qxc4 Nxc4 1/2-1/2

[Event "NB1 Maroczy csoport"]
[Site "Parasznya"]
[Date "2024.11.17"]
[Round "2.8"]
[White "Dancs, Zsolt"]
[Black "Harkanyi, Gergely"]
[Result "1/2-1/2"]
[WhiteElo "2028"]
[BlackElo "2049"]
[PlyCount "120"]
[EventDate "2024.11.03"]
[EventType "team-tourn"]
[EventRounds "11"]
[EventCountry "HUN"]
[Source "chess.hu"]
[SourceDate "2024.11.17"]
[WhiteTeam "Pitypalatty Sakk SE"]
[BlackTeam "Vasas SC"]
[WhiteTeamCountry "HUN"]
[BlackTeamCountry "HUN"]

1. e4 c6 2. d4 d5 3. exd5 cxd5 4. c4 Nf6 5. Nc3 Nc6 6. Nf3 Bg4 7. Be2 e6 8. O-O
Be7 9. h3 Bh5 10. c5 O-O 11. Bf4 Ne4 12. Ne5 Bxe2 13. Nxc6 Bxd1 14. Nxd8 Nxc3
15. bxc3 Be2 16. Nxb7 Bxf1 17. Kxf1 Rfc8 18. Rb1 Rc6 19. a4 Kf8 20. Nd6 f6 21.
Rb7 e5 22. Nf5 Bxc5 23. Be3 exd4 24. cxd4 Bb6 25. Rxg7 Rc7 26. Rg3 Kf7 27. Bf4
Rc2 28. Rg7+ Ke6 29. g4 Bd8 30. Rxh7 Rac8 31. Rxa7 Bc7 32. Ra6+ Kf7 33. Ra7 Kf8
34. Bh6+ Ke8 35. Ne3 Rc1+ 36. Kg2 Bb6 37. Rb7 Bxd4 38. Nxd5 R1c5 39. Ne3 Bxe3
40. Bxe3 Rc4 41. a5 Ra4 42. Ra7 Rc3 43. a6 Rca3 44. Ra8+ Kf7 45. a7 Kg7 46. Rd8
Kg6 47. Kg3 f5 48. Rd6+ Kf7 49. gxf5 Rxa7 50. Kg4 Ra8 51. Bg5 Ra1 52. Rd7+ Ke8
53. Re7+ Kf8 54. f6 Rg1+ 55. Kh5 Ra5 56. f4 Rf5 57. Kg6 Rxf4 58. Rb7 Rxg5+ 59.
Kxg5 Rf3 60. h4 Rg3+ 1/2-1/2

[Event "NB1 Maroczy csoport"]
[Site "Parasznya"]
[Date "2024.11.17"]
[Round "2.9"]
[White "Gyurkovics, Miklos"]
[Black "Karacsony, Zsolt"]
[Result "0-1"]
[WhiteElo "2003"]
[BlackElo "1954"]
[PlyCount "88"]
[EventDate "2024.11.03"]
[EventType "team-tourn"]
[EventRounds "11"]
[EventCountry "HUN"]
[Source "chess.hu"]
[SourceDate "2024.11.17"]
[WhiteTeam "Vasas SC"]
[BlackTeam "Pitypalatty Sakk SE"]
[WhiteTeamCountry "HUN"]
[BlackTeamCountry "HUN"]

1. c4 Nf6 2. Nc3 Nc6 3. e4 e5 4. Nf3 Bc5 5. Nxe5 Bxf2+ 6. Kxf2 Nxe5 7. d4 Nfg4+
8. Kg1 Qf6 9. Qd2 Ng6 10. Nd5 Qd8 11. Qg5 d6 12. Qxd8+ Kxd8 13. h3 c6 14. Nc3
Nf6 15. Bg5 Ke7 16. e5 dxe5 17. dxe5 Nxe5 18. Re1 Ke6 19. c5 Kf5 20. Bc1 Re8
21. g4+ Ke6 22. Bf4 Nfd7 23. Kg2 f6 24. Bc4+ Ke7 25. Rhf1 Kd8 26. Bxe5 Rxe5 27.
Rxe5 Nxe5 28. Bg8 h6 29. Kg3 Ke7 30. Bb3 Be6 31. Rd1 Bxb3 32. axb3 Rd8 33. Rxd8
Kxd8 34. Kf4 Ke7 35. Ne4 b6 36. b4 Nd3+ 37. Kf5 Nxb4 38. Kg6 Kf8 39. h4 Nd3 40.
h5 bxc5 41. b3 Ne5+ 42. Kf5 c4 43. bxc4 Nxc4 44. Ke6 Ne5 0-1

[Event "NB1 Maroczy csoport"]
[Site "Parasznya"]
[Date "2024.11.17"]
[Round "2.10"]
[White "Csizmadia, Csenger"]
[Black "Kozek, Armin"]
[Result "1-0"]
[WhiteElo "1962"]
[BlackElo "1880"]
[PlyCount "79"]
[EventDate "2024.11.03"]
[EventType "team-tourn"]
[EventRounds "11"]
[EventCountry "HUN"]
[Source "chess.hu"]
[SourceDate "2024.11.17"]
[WhiteTeam "Pitypalatty Sakk SE"]
[BlackTeam "Vasas SC"]
[WhiteTeamCountry "HUN"]
[BlackTeamCountry "HUN"]

1. Nf3 Nf6 2. c4 g6 3. Nc3 Bg7 4. g3 d6 5. Bg2 Nc6 6. d4 O-O 7. O-O e5 8. a3
exd4 9. Nxd4 Nxd4 10. Qxd4 Be6 11. Qd3 Nd7 12. b3 Nc5 13. Qc2 Bf5 14. e4 Nxe4
15. Bxe4 Bxe4 16. Nxe4 Bxa1 17. Bg5 f6 18. Bh6 Be5 19. Rd1 f5 20. Bxf8 Qxf8 21.
Ng5 Re8 22. c5 Qf6 23. Qc4+ Kg7 24. f4 Bb2 25. cxd6 cxd6 26. Rxd6 Re1+ 27. Kf2
Qe7 28. Qd3 Re3 29. Qd2 Bxa3 30. Qd4+ Kh6 31. Rd7 Re2+ 32. Kf3 Re3+ 33. Kg2
Re2+ 34. Kh3 Rxh2+ 35. Kxh2 Qe2+ 36. Kg1 Kh5 37. Rxh7+ Kg4 38. Rh4+ Kxg3 39.
Qc3+ Kxh4 40. Qh3# 1-0

[Event "NB1 Maroczy csoport"]
[Site "Parasznya"]
[Date "2024.11.17"]
[Round "2.11"]
[White "Budavari, Gergely"]
[Black "Kiss, Eniko"]
[Result "1/2-1/2"]
[WhiteElo "1679"]
[BlackElo "1798"]
[PlyCount "94"]
[EventDate "2024.11.03"]
[EventType "team-tourn"]
[EventRounds "11"]
[EventCountry "HUN"]
[Source "chess.hu"]
[SourceDate "2024.11.17"]
[WhiteTeam "Vasas SC"]
[BlackTeam "Pitypalatty Sakk SE"]
[WhiteTeamCountry "HUN"]
[BlackTeamCountry "HUN"]

1. e4 c5 2. Nf3 d6 3. d4 cxd4 4. Nxd4 Nf6 5. Nc3 g6 6. Bc4 Bg7 7. O-O a6 8. a4
Qb6 9. Be3 Qxb2 10. Qd3 Qb4 11. a5 d5 12. Bxd5 Ng4 13. Ra4 Qd6 14. f4 Nxe3 15.
Qxe3 e6 16. Rc4 O-O 17. e5 Qe7 18. Bf3 Rd8 19. Rb1 f6 20. Na4 Nd7 21. exf6 Nxf6
22. Nb6 Rb8 23. Nxc8 Rdxc8 24. Rxb7 Qe8 25. Rxc8 Qxc8 26. Qxe6+ Qxe6 27. Rxb8+
Qe8 28. Rxe8+ Nxe8 29. Ne6 Bc3 30. Bb7 Bxa5 31. Bxa6 Bc3 32. Bc4 Nd6 33. Bd3
Kf7 34. Ng5+ Kg7 35. Ne4 Nxe4 36. Bxe4 Kf6 37. g4 h6 38. f5 gxf5 39. Bxf5 Kg5
40. Kf1 Kh4 41. h3 Kxh3 42. g5+ Kh4 43. gxh6 Kg5 44. Be4 Kxh6 45. Ke2 Kg5 46.
Kd3 Bb4 47. Kc4 Bf8 1/2-1/2

[Event "NB1 Maroczy csoport"]
[Site "Parasznya"]
[Date "2024.11.17"]
[Round "2.12"]
[White "Bende, Eniko Tunde"]
[Black "Nagy, Nimrod"]
[Result "0-1"]
[WhiteElo "1672"]
[BlackElo "1646"]
[PlyCount "50"]
[EventDate "2024.11.03"]
[EventType "team-tourn"]
[EventRounds "11"]
[EventCountry "HUN"]
[Source "chess.hu"]
[SourceDate "2024.11.17"]
[WhiteTeam "Pitypalatty Sakk SE"]
[BlackTeam "Vasas SC"]
[WhiteTeamCountry "HUN"]
[BlackTeamCountry "HUN"]

1. e4 e5 2. Nf3 Nc6 3. c3 d5 4. exd5 Qxd5 5. d4 exd4 6. cxd4 Nf6 7. Nc3 Bb4 8.
a3 Bxc3+ 9. bxc3 O-O 10. Be2 Bf5 11. O-O Rfe8 12. Re1 Rad8 13. Bf4 Re7 14. Rc1
h6 15. Bg3 Rde8 16. c4 Qa5 17. d5 Nb8 18. Nh4 Bg6 19. Qb3 c5 20. Qb5 Qxa3 21.
Ra1 Qc3 22. Qxc5 b6 23. Qb5 Rxe2 24. Rf1 Qxa1 25. Qb4 Re1 0-1

[Event "NB1 Maroczy csoport"]
[Site "Budapest"]
[Date "2024.12.01"]
[Round "3.1"]
[White "Kiss, Mate Jozsef"]
[Black "Furedi, Erik"]
[Result "1/2-1/2"]
[WhiteElo "2185"]
[BlackElo "2285"]
[PlyCount "74"]
[GameId "2119486556922082"]
[EventDate "2024.11.03"]
[EventType "team-tourn"]
[EventRounds "11"]
[EventCountry "HUN"]
[Source "chess.hu"]
[WhiteTeam "NYESE"]
[BlackTeam "Vasas SC"]
[WhiteTeamCountry "HUN"]
[BlackTeamCountry "HUN"]

1. e4 e5 2. Nf3 Nc6 3. Nc3 Nf6 4. Bb5 Bb4 5. O-O O-O 6. d3 d6 7. Bg5 Bxc3 8. bxc3 h6 9. Bh4 a6 10. Ba4 g5 11. Nxg5 Nxe4 12. Nxe4 Qxh4 13. f4 f5 14. Bxc6 bxc6 15. Ng3 Bd7 16. Rb1 exf4 17. Ne2 Rab8 18. Nxf4 Kh7 19. Qf3 Rfe8 20. Qf2 Qxf2+ 21. Kxf2 Rb6 22. Rb3 Kg7 23. g3 Reb8 24. Re1 Kf7 25. Reb1 a5 26. Ke3 Be6 27. Nxe6 Kxe6 28. Kf4 Kf6 29. Rxb6 cxb6 30. c4 b5 31. a3 b4 32. axb4 axb4 33. Ra1 b3 34. cxb3 Rxb3 35. Ra6 Rxd3 36. Rxc6 Rd4+ 37. Kf3 Kg5 1/2-1/2

[Event "NB1 Maroczy csoport"]
[Site "Budapest"]
[Date "2024.12.01"]
[Round "3.2"]
[White "Torok, Sandor"]
[Black "Dovzik, Juri"]
[Result "1/2-1/2"]
[WhiteElo "2206"]
[BlackElo "2198"]
[PlyCount "127"]
[GameId "2119486593515774"]
[EventDate "2024.11.03"]
[EventType "team-tourn"]
[EventRounds "11"]
[EventCountry "HUN"]
[Source "chess.hu"]
[WhiteTeam "Vasas SC"]
[BlackTeam "NYESE"]
[WhiteTeamCountry "HUN"]
[BlackTeamCountry "HUN"]

1. e4 c5 2. Nf3 e6 3. d4 cxd4 4. Nxd4 Nf6 5. Bd3 Nc6 6. Nf3 d5 7. exd5 exd5 8. O-O Be7 9. Nbd2 O-O 10. Nb3 Bg4 11. h3 Bxf3 12. Qxf3 Ne5 13. Qf5 Nc4 14. Re1 Re8 15. Bg5 Nd6 16. Qe5 Nde4 17. Bb5 Rf8 18. Rad1 Bd6 19. Bxf6 Nxf6 20. Qf5 Rc8 21. c3 Bb8 22. g3 Qb6 23. Nd4 a6 24. Bd3 Qxb2 25. Qg5 h6 26. Qh4 Ba7 27. Re2 Qxc3 28. Nf5 Rce8 29. Ne7+ Kh8 30. g4 Qc5 31. g5 Rxe7 32. gxf6 Rxe2 33. Bxe2 Qc3 34. Kh1 Qxf6 35. Qxf6 gxf6 36. Rxd5 Bxf2 37. Rd7 b5 38. Rd6 Re8 39. Bh5 Re6 40. Rd8+ Kg7 41. Rd7 Re5 42. Bxf7 Bc5 43. Bh5+ Be7 44. Bf3 a5 45. Kg2 f5 46. Kg3 Kf6 47. Kf4 Rc5 48. Bd5 Rc3 49. Bg8 Rc8 50. Bd5 Rc3 51. Bg8 Rxh3 52. Rd5 Kg7 53. Be6 Rh4+ 54. Kxf5 Rh5+ 55. Kf4 Rxd5 56. Bxd5 Kf6 57. Bc6 b4 58. Bd5 h5 59. Bc4 Bd6+ 60. Kf3 Ke5 61. Bf7 h4 62. Kg4 Be7 63. Be8 Kd4 64. Kh3 1/2-1/2

[Event "NB1 Maroczy csoport"]
[Site "Budapest"]
[Date "2024.12.01"]
[Round "3.3"]
[White "Lazin, Robert-Tamas"]
[Black "Karacsony, Attila"]
[Result "1/2-1/2"]
[WhiteElo "2086"]
[BlackElo "2195"]
[PlyCount "48"]
[GameId "2119486635057434"]
[EventDate "2024.11.03"]
[EventType "team-tourn"]
[EventRounds "11"]
[EventCountry "HUN"]
[Source "chess.hu"]
[WhiteTeam "NYESE"]
[BlackTeam "Vasas SC"]
[WhiteTeamCountry "HUN"]
[BlackTeamCountry "HUN"]

1. d4 f5 2. Nc3 Nf6 3. Bf4 d6 4. Qd3 c6 5. e4 fxe4 6. Nxe4 Nxe4 7. Qxe4 Qa5+ 8. Bd2 Qf5 9. Bd3 Qxe4+ 10. Bxe4 Nd7 11. Nf3 Nf6 12. Bd3 Bg4 13. Ng5 h6 14. f3 Bc8 15. Bg6+ Kd7 16. Ne4 e6 17. O-O-O Be7 18. Rhe1 Rf8 19. Nf2 Nd5 20. Nd3 Nc7 21. c4 Bf6 22. Bc3 b6 23. Kc2 Ba6 24. b3 d5 1/2-1/2

[Event "NB1 Maroczy csoport"]
[Site "Budapest"]
[Date "2024.12.01"]
[Round "3.4"]
[White "Szabo, Kristof"]
[Black "Papista, Akos"]
[Result "1-0"]
[WhiteElo "2123"]
[BlackElo "2077"]
[PlyCount "57"]
[GameId "2119486669975862"]
[EventDate "2024.11.03"]
[EventType "team-tourn"]
[EventRounds "11"]
[EventCountry "HUN"]
[Source "chess.hu"]
[WhiteTeam "Vasas SC"]
[BlackTeam "NYESE"]
[WhiteTeamCountry "HUN"]
[BlackTeamCountry "HUN"]

1. e4 e5 2. Nf3 Nc6 3. Bc4 Bc5 4. c3 Nf6 5. d3 a6 6. Bb3 Ba7 7. Nbd2 d6 8. O-O O-O 9. Re1 h6 10. Nf1 Re8 11. Be3 Be6 12. Bxa7 Rxa7 13. Ng3 Ra8 14. d4 Bg4 15. Re3 Nh5 16. h3 Nxg3 17. fxg3 exd4 18. cxd4 Bxf3 19. Rxf3 Rxe4 20. Rxf7 Kh8 21. Qh5 Re7 22. Rf4 Qe8 23. Qf5 g6 24. Qf6+ Rg7 25. Rh4 Qe3+ 26. Kh2 Kh7 27. Re1 Qd2 28. Ree4 h5 29. g4 1-0

[Event "NB1 Maroczy csoport"]
[Site "Budapest"]
[Date "2024.12.01"]
[Round "3.5"]
[White "Gocza, Adam"]
[Black "Boguszlavszkij, Jevgenyij"]
[Result "1/2-1/2"]
[WhiteElo "2042"]
[BlackElo "2112"]
[PlyCount "96"]
[GameId "2119486715101522"]
[EventDate "2024.11.03"]
[EventType "team-tourn"]
[EventRounds "11"]
[EventCountry "HUN"]
[Source "chess.hu"]
[WhiteTeam "NYESE"]
[BlackTeam "Vasas SC"]
[WhiteTeamCountry "HUN"]
[BlackTeamCountry "HUN"]

1. e4 c6 2. d4 d5 3. e5 c5 4. dxc5 e6 5. Be3 Nc6 6. Bb5 Nge7 7. Nf3 Bd7 8. Bxc6 bxc6 9. c3 Ng6 10. Bd4 Be7 11. O-O O-O 12. g3 Qc7 13. Nbd2 f6 14. Re1 Rf7 15. b4 Raf8 16. Qe2 Bc8 17. a4 a6 18. Nb3 Qd8 19. Ra2 f5 20. Nc1 Nh8 21. h4 f4 22. Rf1 g5 23. hxg5 Bxg5 24. Nd3 Rg7 25. Nh2 Bh6 26. Kh1 fxg3 27. fxg3 Rxg3 28. Rg1 Rxg1+ 29. Kxg1 Rf5 30. Qe1 Rg5+ 31. Rg2 Rxg2+ 32. Kxg2 Qg5+ 33. Qg3 Ng6 34. Ng4 Qd2+ 35. Kh3 Bg7 36. Ngf2 Bd7 37. Kg2 Be8 38. Qg4 Nf8 39. Nf4 Bd7 40. Kg3 Qc2 41. N2h3 Qf5 42. Ng5 Qxg4+ 43. Kxg4 h6 44. Nf3 Kf7 45. Nh4 Be8 46. Kh5 Ke7+ 47. Kg4 Nh7 48. Nf3 Nf8 1/2-1/2

[Event "NB1 Maroczy csoport"]
[Site "Budapest"]
[Date "2024.12.01"]
[Round "3.6"]
[White "Horvath, Julia"]
[Black "Korpas, Zoltan"]
[Result "1-0"]
[WhiteElo "2103"]
[BlackElo "2126"]
[PlyCount "79"]
[GameId "2119486759285102"]
[EventDate "2024.11.03"]
[EventType "team-tourn"]
[EventRounds "11"]
[EventCountry "HUN"]
[Source "chess.hu"]
[WhiteTeam "Vasas SC"]
[BlackTeam "NYESE"]
[WhiteTeamCountry "HUN"]
[BlackTeamCountry "HUN"]

1. d4 Nf6 2. c4 d6 3. Nc3 c6 4. e4 Nbd7 5. Be2 e5 6. Be3 Be7 7. Qd2 Qc7 8. g4 h5 9. g5 Ng4 10. f4 Nxe3 11. Qxe3 exf4 12. Qxf4 Nf8 13. h4 Ne6 14. Qd2 d5 15. cxd5 Qg3+ 16. Kd1 Nf4 17. Kc2 cxd5 18. Rf1 Nxe2 19. Ngxe2 Qc7 20. e5 Bg4 21. Kb1 Qc4 22. Qe3 O-O 23. Nf4 Rad8 24. Rc1 Bb4 25. Ncxd5 Qb5 26. Nxb4 Qxb4 27. d5 Rfe8 28. Rhe1 Qa5 29. Qc3 Qa4 30. Qc4 Qd7 31. e6 fxe6 32. dxe6 Qe7 33. Nd5 Rxd5 34. Qxd5 Bxe6 35. Qd2 Qf7 36. a3 Qf3 37. Rc3 Bf5+ 38. Ka1 Rxe1+ 39. Qxe1 Qd5 40. Qe8+ 1-0

[Event "NB1 Maroczy csoport"]
[Site "Budapest"]
[Date "2024.12.01"]
[Round "3.7"]
[White "Mizik, Tamas dr."]
[Black "Havasi, Janos"]
[Result "1-0"]
[WhiteElo "1984"]
[BlackElo "1989"]
[PlyCount "111"]
[GameId "2119486803992970"]
[EventDate "2024.11.03"]
[EventType "team-tourn"]
[EventRounds "11"]
[EventCountry "HUN"]
[Source "chess.hu"]
[WhiteTeam "NYESE"]
[BlackTeam "Vasas SC"]
[WhiteTeamCountry "HUN"]
[BlackTeamCountry "HUN"]

1. e4 e6 2. d4 d5 3. Nd2 Nf6 4. e5 Nfd7 5. f4 c5 6. c3 Nc6 7. Ndf3 cxd4 8. cxd4 Bb4+ 9. Bd2 Bxd2+ 10. Qxd2 Qa5 11. Bd3 Qxd2+ 12. Kxd2 O-O 13. Ne2 a6 14. Rac1 Nb6 15. b3 Bd7 16. Bb1 Rac8 17. Ne1 Nb8 18. Nd3 Rxc1 19. Rxc1 Bc6 20. Nc5 N6d7 21. Nxd7 Nxd7 22. Rc3 Nb8 23. Nc1 f6 24. exf6 gxf6 25. Nd3 Re8 26. a3 Nd7 27. Nb4 Rc8 28. Bd3 a5 29. Nxc6 Rxc6 30. Bb5 Rxc3 31. Kxc3 Nb6 32. a4 Na8 33. Bd7 Kf7 34. f5 exf5 35. Bxf5 h6 36. Bc8 b6 37. Kd3 Nc7 38. Ke3 Ne8 39. Kf4 Nd6 40. Ba6 Ne4 41. Bd3 Nd6 42. Kg4 Kg7 43. g3 Kf7 44. Kh5 Kg7 45. Kg4 Kf7 46. Kf4 Ke6 47. h3 Kf7 48. Be2 Ke6 49. Bf3 Ke7 50. Bxd5 b5 51. g4 bxa4 52. bxa4 Kf8 53. Be4 Ke7 54. Bd3 Ke6 55. Be4 Nc8 56. Bf5+ 1-0

[Event "NB1 Maroczy csoport"]
[Site "Budapest"]
[Date "2024.12.01"]
[Round "3.8"]
[White "Pesztericz, Laszlo"]
[Black "Pozsonyi, Istvan"]
[Result "1/2-1/2"]
[WhiteElo "2044"]
[BlackElo "1901"]
[PlyCount "54"]
[GameId "2119486839955878"]
[EventDate "2024.11.03"]
[EventType "team-tourn"]
[EventRounds "11"]
[EventCountry "HUN"]
[Source "chess.hu"]
[WhiteTeam "Vasas SC"]
[BlackTeam "NYESE"]
[WhiteTeamCountry "HUN"]
[BlackTeamCountry "HUN"]

1. e4 g6 2. d4 Bg7 3. c4 d6 4. Nc3 Nc6 5. Be3 e5 6. d5 Nce7 7. Bd3 f5 8. f3 Nf6 9. Nge2 O-O 10. Qd2 c6 11. O-O fxe4 12. Bxe4 c5 13. Bh6 Bf5 14. Bxg7 Kxg7 15. Ng3 Qd7 16. Rae1 Bxe4 17. fxe4 a6 18. a4 Qg4 19. Re3 Qg5 20. Qe2 Nh5 21. Nxh5+ Qxh5 22. Qxh5 gxh5 23. Ref3 Ng6 24. g3 h4 25. Kg2 hxg3 26. hxg3 h5 27. Rxf8 Rxf8 1/2-1/2

[Event "NB1 Maroczy csoport"]
[Site "Budapest"]
[Date "2024.12.01"]
[Round "3.9"]
[White "Palkovics, Balazs"]
[Black "Harkanyi, Gergely"]
[Result "1-0"]
[WhiteElo "1897"]
[BlackElo "2087"]
[PlyCount "119"]
[GameId "2119486874894786"]
[EventDate "2024.11.03"]
[EventType "team-tourn"]
[EventRounds "11"]
[EventCountry "HUN"]
[Source "chess.hu"]
[WhiteTeam "NYESE"]
[BlackTeam "Vasas SC"]
[WhiteTeamCountry "HUN"]
[BlackTeamCountry "HUN"]

1. e4 c6 2. d4 d5 3. Nc3 dxe4 4. Nxe4 Bf5 5. Ng3 Bg6 6. Nf3 Nd7 7. h4 h6 8. h5 Bh7 9. Bd3 Bxd3 10. Qxd3 e6 11. Bf4 Qa5+ 12. Bd2 Bb4 13. Ne4 Ngf6 14. Nd6+ Ke7 15. Nc4 Bxd2+ 16. Nfxd2 Qc7 17. Qa3+ c5 18. dxc5 Qxc5 19. b4 Qg5 20. Nf3 Qb5 21. Rh4 Rhc8 22. Nd4 Qxc4 23. Nf5+ exf5 24. Rxc4 Rxc4 25. b5+ Rc5 26. O-O-O Rac8 27. Rd2 Ne4 28. Rd5 Ke6 29. Rxc5 Rxc5 30. Qe3 Re5 31. Qxa7 Rxb5 32. a4 Rc5 33. Qxb7 Nxf2 34. Qb3+ Ke7 35. Qg3 Ng4 36. Qa3 Kd8 37. a5 Kc8 38. a6 Rc7 39. a7 Nb6 40. a8=Q+ Nxa8 41. Qxa8+ Kd7 42. Qd5+ Ke7 43. Qxf5 Nf6 44. Kb2 Rb7+ 45. Ka3 Kd6 46. c4 Ra7+ 47. Kb4 Rb7+ 48. Ka5 Rc7 49. Qf4+ Kc6 50. Qd4 Rb7 51. g4 Rb3 52. Qf2 Rb7 53. Qf3+ Kc7 54. c5 Ra7+ 55. Kb5 Rb7+ 56. Ka6 Rb4 57. Qg3+ Kc8 58. Qd6 Ra4+ 59. Kb5 Rxg4 60. Kc6 1-0